1618 1739 1317 1248 1991 1137 1922 1764 1537 1832 1200 1017 1191 1049 1264 1716 1074 1029 1082 1853 1932 1362 1018 1974 1847 1753 1085 1765 1323 1659 1246 1468 1828 1712 1775 1983 1555 1560 1470 1128 1339 1364 1652 1702 1942 1561 1736 1509 1527 1474 1786 1008 1801 1914 1102 1587 1925 1867 1079 1550 1930 1210 1140 1228 1940 1970 1158 1067 1547 1229 1023 1090 1768 1524 1526 1870 1185 1120 1798 1994 1051 1464 1942 1169 1512 1137 1214 1484 1185 1830 1083 1167 1779 1595 1637 1315 1552 1899 1310 BCNSPRNW ULIB Ver.6.0+V

เปลี่ยนเป็นภาษาไทย

Change to English
 แสดงรายละเอียดบรรณานุกรม
  กลับหน้าหลัก

Brief Record : Get Marc (ISO 2709) : E-mail record : QR code < ปิดหน้าต่าง
LEADER : 00000nam 2200000uu 4500
001    13399126265
003     ULIB
008    180827s2560||||th 000 0 tha d
020    ^a9786164456099^c250
040    ^aSongkhla Rajabhat University
060 04 ^aWA525^bจ647ก
100 0  ^aจารุวรรณ ธาดาเดช
245 10 ^aการวางแผนพัฒนาสุขภาพและการจัดการ /^cจารุวรรณ ธาดาเดช, ปิยธิดา ตรีเดช
250    ^aพิมพ์ครั้งที่ 2 (ฉบับปรับปรุง)
260    ^aกรุงเทพฯ :^bภาควิชาบริหารงานสาธารณสุข คณะสาธารณสุขศาสตร์ มหาวิทยาลัยมหิดล,^c2560
300    ^a232 หน้า
505 0  ^aสุขภาพ และระบบสุขภาพ -- การจัดการ -- การวางแผนพัฒนาสุขภาพ
650  7 ^aการบริหารสาธารณสุข
650  7 ^aสาธารณสุข^zไทย
650  7 ^aนโยบายสาธารณสุข^zไทย
700 0  ^aปิยธิดา ตรีเดช
945    ^p250^l0^i004438
945    ^p250^l0^i004437
945    ^p250^l0^i004436
999    ^aประนอม เกษจรัล
รายการนี้ยังไม่มีแท็ก
คุณยังไม่ได้ล็อกอิน คุณสามารถมีกิจกรรมร่วมกับเว็บไซต์ได้ แต่ต้องล็อกอินก่อน ::
  ล็อกอิน

รายการสื่อสารสนเทศ

ลำดับที่ ประเภท เลขเรียก/บาร์โค้ด สถานที่ สถานะ
1. วิทยาศาสตร์การแพทย์ และสุขภาพ
หนังสือสำรอง
สถานะ=หนังสือสำรอง
WA525 จ647ก ฉ.1 
  Barcode: 004436
ห้องสมุดวิทยาเขตสวรรค์ประชารักษ์
►หนังสือทั่วไป
บนชั้น
2. วิทยาศาสตร์การแพทย์ และสุขภาพ
วิทยาศาสตร์การแพทย์ และสุขภาพ
WA525 จ647ก ฉ.2 
  Barcode: 004437
ห้องสมุดวิทยาเขตสวรรค์ประชารักษ์
►หนังสือทั่วไป
บนชั้น
3. วิทยาศาสตร์การแพทย์ และสุขภาพ
วิทยาศาสตร์การแพทย์ และสุขภาพ
WA525 จ647ก ฉ.3 
  Barcode: 004438
ห้องสมุดวิทยาเขตสวรรค์ประชารักษ์
►หนังสือทั่วไป
บนชั้น

รายการใกล้เคียง
    ผู้แต่ง [จารุวรรณ ธาดาเดช]

    หัวเรื่อง [การบริหารสาธารณสุข]

BibComment


ยังไม่เคยถูกคอมเมนท์

คอมเมนท์ทรัพยากรรายการนี้
  คอมเมนท์: การวางแผนพัฒนาสุ..


 Copyright 2026. Bcnsprnw @Library